| 000 | 00738nam a2200229 u 4500 | ||
|---|---|---|---|
| 005 | 20240314063636.0 | ||
| 008 | 080520s2006 es r 000 0 spa d | ||
| 020 | _a8421697439 | ||
| 035 | _aUPN01000156022 | ||
| 049 | _aI | ||
| 050 | 4 |
_aPZ8.9 _bK7.2 |
|
| 100 | 1 |
_aKrulik, Nancy _933105 |
|
| 245 | 1 | 0 |
_aChicos contra chicas / _cNancy Krulik ; tr. Begoña Oro ; il. de John y Wendy. |
| 260 |
_aMadrid : _bBruño, _c2006. |
||
| 300 |
_a121 p. : _bil. |
||
| 440 | 3 |
_aEl secreto mágico de Katie Kazoo ; _v4 |
|
| 534 |
_pTraducción de: _tGirls don't have cooties |
||
| 650 | 4 |
_aCuentos infantiles estadounidenses _910762 |
|
| 650 | 7 |
_aAmistad entre niños _2 _94319 |
|
| 650 | 4 |
_aROL SEXUAL EN LA LITERATURA _911009 |
|
| 905 | _aInfantil | ||
| 999 |
_c128136 _d128136 |
||